000 004100000a22001690004500
005 20120302061925.0
942 _cBOOK
100 _a Trine,Ralph Waldo
245 _a In Tune with the Infinite or Fullner of Peace power & Plenty
260 _aLondon:G.Bell & Sons,1965.
300 _a16,208p.
040 _aENG
650 _aPhilosophy
650 _aReligion
650 _ahuman Life
650 _aVigour
999 _c355275
_d355272